000 01053nam a2200253 a 4500
001 39945
003 BD-RjUL
005 20211209053111.0
008 160420r20132009ii a|||| |||| 001 0 ben d
020 _a8177566695
_c: Tk. 990.00
035 _a(BD-RjUL)40059
040 _aBD-RjUL
_bben
_cBD-RjUL
041 _aben
082 _223
_bROB 2013
_a928.9144
100 _aরায়চৌধুরী, তপন
_9119985
245 1 0 _aবাঙালনামা /
_cতপন রায়চৌধুরী
250 _a২য় সং.
260 _aকলকাতা :
_bআনন্দ পাবলিশার্স প্রাইভেট লিমিটেড,
_c২০০৯ [ মুদ্রণ ২০১৩]
300 _a[২], ৪১৯ পৃ. [৩২] প্লেট :
_bচিত্র ;
_c২৫ সেমি
500 _aনির্ঘণ্ট সংযুক্ত
600 _aরায়চৌধুরী, তপন
_xজীবনী
_9123083
600 _aRoychowdhury, Tapan
_xbiography
_9123055
942 _2ddc
_cBK
_01
999 _c39945
_d39945